One Club Men #1 - Statistics

General Stats
  • This quiz has been taken 84 times
  • The average score is 6 of 10
Answer Stats
Player Years Team % Correct
Paolo Maldini 1985-2009 AC Milan
100%
Carles Puyol 1999-2014 FC Barcelona
100%
Francesco Totti 1993-2017 AS Roma
96%
Jamie Carragher 1996-2013 Liverpool FC
96%
Gary Neville 1992-2011 Manchester United
88%
Lars Ricken 1993-2008 Borussia Dortmund
49%
Xabi Prieto 2003-2018 Real Sociedad
40%
Loïc Perrin 2003-2020 AS Saint-Étienne
36%
Chendo 1982-1998 Real Madrid
21%
Bruno Soriano 2006-2020 Villarreal CF
21%
No matching quizzes found
Score Distribution
Percent of People with Each Score
Percentile by Number Answered
Your Score History
You have not taken this quiz